000 00705nas a2200229 4500
001 BR7500734
003 BR-BrBNA
005 20231205082808.0
007 ta
008 230509b bl.|||p| |||| 00| 00por d
040 _aBR-BrBNA
_bpor
_cBiblioteca Nacional de Agricultura
041 _a(Pt)
072 _aF30
110 1 _aInstituto de Pesquisas Agronomicas, Porto Alegre, RS (Brasil)
_96134
245 1 _aNovas variedades de soja [Glycine max]
650 _aMELHORAMENTO GENETICO VEGETAL
650 _aSOJA
650 _aVARIEDADE
773 0 _tIPAGRO Informa (Brazil)
_xISSN 0100-3410
_g(Nov 1975), (no. 11) p. 17-18
_wBR7500734
909 _a202311
_bLúcia
_c55
_dLúcia Elande
942 _2AGRIS
_n0
_cANA
999 _c94273
_d94273